| 000 | 00625nam a22002297i 4500 | ||
|---|---|---|---|
| 999 |
_c1367 _d1367 |
||
| 001 | bimo0000089156 | ||
| 003 | SpMaBN | ||
| 005 | 20210617095340.0 | ||
| 008 | 901205s1988 fr fre | ||
| 020 | _a2711800423 | ||
| 040 | _cCO-UdeCO | ||
| 082 |
_a708.44 _2Q9 |
||
| 100 | 1 | _aQuoniam, Pierre | |
| 245 | 1 | 3 |
_aEl Louvre / _cPierre Quoniam; traducción, Noelle Boer. |
| 260 |
_aParis : _bEditions des musées nationaux, _c1977 |
||
| 300 |
_a95 p. ; _bil. col., _c23 cm |
||
| 610 | 0 |
_aLouvre _91686 |
|
| 650 | 0 |
_91687 _aMuseo |
|
| 651 | 0 |
_91688 _aParis (Francia) |
|
| 700 |
_aBoer, Noelle _91689 |
||
| 942 |
_2ddc _cBK |
||